Química fundamental de heterociclos / (Record no. 86486)

MARC details
000 -LEADER
campo de control de longitud fija 00618nam a2200193 i 4500
001 - NÚMERO DE CONTROL
campo de control 86486
003 - IDENTIFICADOR DE NÚMERO DE CONTROL
campo de control ES-MaACL
005 - FECHA Y HORA DE LA ÚLTIMA TRANSACCIÓN
campo de control 20230906175446.0
007 - CAMPO FIJO DE DESCRIPCIÓN FÍSICA--INFORMACIÓN GENERAL
campo de control de longitud fija t|
008 - DATOS DE LONGITUD FIJA--INFORMACIÓN GENERAL
campo de control de longitud fija 041213s1968 sp ||||1| spa d
100 1# - ENTRADA PRINCIPAL--NOMBRE DE PERSONA
Nombre de persona Katritzky, Alan R.
9 (RLIN) 67625
245 10 - MENCIÓN DEL TÍTULO
Título Química fundamental de heterociclos /
Mención de responsabilidad, etc. A.R. Katritzky, J.M. Lagowski ; versión española de Ramón Madroñero Pelèz.
250 ## - MENCION DE EDICION
Mención de edición [1ª ed.].
260 ## - PUBLICACIÓN, DISTRIBUCIÓN, ETC.
Lugar de publicación, distribución, etc. Madrid, etc. :
Nombre del editor, distribuidor, etc. Alhambra,
Fecha de publicación, distribución, etc. [1968]
300 ## - DESCRIPCIÓN FÍSICA
Extensión VII, 230 p. ;
Dimensiones 20 cm.
700 1# - ENTRADA AGREGADA--NOMBRE PERSONAL
Nombre de persona Lagowski, J. M.
9 (RLIN) 69600
700 1# - ENTRADA AGREGADA--NOMBRE PERSONAL
Nombre de persona Madroñero Peláez, R.
9 (RLIN) 129324
852 ## - LOCALIZACIÓN
Ubicación ES-MaACL
Número de control de estantería C-34726
Sublocalización o colección R.67143
Holdings
Estatus retirado Estado de pérdida Estado de daño No para préstamo Biblioteca de origen Biblioteca actual Ubicación en estantería Fecha de adquisición Fuente de adquisición Total de préstamos Signatura topográfica completa Código de barras Visto por última vez Precio de reemplazo Tipo de ítem Koha
        Biblioteca del Ateneo de Madrid Biblioteca del Ateneo de Madrid Depósito 2 17/01/2008     C-34726 1090357 23/02/2023 23/02/2023 Libro impreso